Minimalism maximalism / (Record no. 3016)
[ view plain ]
| 000 -LEADER | |
|---|---|
| fixed length control field | 01200nac a22003491u 4500 |
| 003 - CONTROL NUMBER IDENTIFIER | |
| control field | EG-ScBUE |
| 005 - DATE AND TIME OF LATEST TRANSACTION | |
| control field | 20220904100939.0 |
| 008 - FIXED-LENGTH DATA ELEMENTS--GENERAL INFORMATION | |
| fixed length control field | 200219t2002 nyuab f 000 0 eng d |
| 020 ## - INTERNATIONAL STANDARD BOOK NUMBER | |
| International Standard Book Number | 9780060513566 |
| 020 ## - INTERNATIONAL STANDARD BOOK NUMBER | |
| International Standard Book Number | 006051356X |
| 035 ## - SYSTEM CONTROL NUMBER | |
| System control number | (OCoLC)ocm50909682 |
| 040 ## - CATALOGING SOURCE | |
| Original cataloging agency | EG-ScBUE |
| Language of cataloging | eng |
| Description conventions | rda |
| Transcribing agency | EG-ScBUE |
| Modifying agency | EG-ScBUE |
| 082 04 - DEWEY DECIMAL CLASSIFICATION NUMBER | |
| Classification number | 720,1 |
| Item number | CUI |
| Edition number | 22 |
| 100 1# - MAIN ENTRY--PERSONAL NAME | |
| Personal name | Cuito, Aurora, |
| Relator term | author. |
| 245 10 - TITLE STATEMENT | |
| Title | Minimalism maximalism / |
| Statement of responsibility, etc | [author, Aurora Cuito ; editor, Paco Asensio] |
| 246 15 - VARYING FORM OF TITLE | |
| Title proper/short title | From minimalism to maximalism |
| 264 #1 - PUBLICATION, DISTRIBUTION, ETC. (IMPRINT) | |
| Place of publication, distribution, etc | New York, NY : |
| Name of publisher, distributor, etc | Loft Publications S.L., |
| Date of publication, distribution, etc | [2002] |
| 264 #4 - PUBLICATION, DISTRIBUTION, ETC. (IMPRINT) | |
| Date of publication, distribution, etc | c2002 |
| 300 ## - PHYSICAL DESCRIPTION | |
| Extent | 200 pages : |
| Other physical details | color illustrations, color maps ; |
| Dimensions | 26 cm |
| 336 ## - CONTENT TYPE | |
| Source | rdacontent |
| Content type term | text |
| Content type code | txt |
| 337 ## - MEDIA TYPE | |
| Source | rdamedia |
| Media type term | unmediated |
| Media type code | n |
| 338 ## - CARRIER TYPE | |
| Source | rdacarrier |
| Carrier type term | volume |
| Carrier type code | nc |
| 650 #7 - SUBJECT ADDED ENTRY--TOPICAL TERM | |
| Topical term or geographic name as entry element | Architecture, Modern |
| Chronological subdivision | 20th century. |
| Source of heading or term | BUEsh |
| 650 #7 - SUBJECT ADDED ENTRY--TOPICAL TERM | |
| Topical term or geographic name as entry element | Interior decoration |
| General subdivision | History |
| Chronological subdivision | 20th century. |
| Source of heading or term | BUEsh |
| 9 (RLIN) | 41532 |
| 650 #7 - SUBJECT ADDED ENTRY--TOPICAL TERM | |
| Topical term or geographic name as entry element | Architecture, Modern |
| Chronological subdivision | 21st century. |
| Source of heading or term | BUEsh |
| 650 #7 - SUBJECT ADDED ENTRY--TOPICAL TERM | |
| Topical term or geographic name as entry element | Interior decoration |
| General subdivision | History |
| Chronological subdivision | 21st century. |
| Source of heading or term | BUEsh |
| 9 (RLIN) | 41532 |
| 651 ## - SUBJECT ADDED ENTRY--GEOGRAPHIC NAME | |
| Source of heading or term | BUEsh |
| 653 ## - INDEX TERM--UNCONTROLLED | |
| Resource For college | Arts and Design |
| 655 ## - INDEX TERM--GENRE/FORM | |
| Form subdivision | Reading book |
| 9 (RLIN) | 34232 |
| 700 1# - ADDED ENTRY--PERSONAL NAME | |
| Personal name | Asensio Cerver, Francisco, |
| Relator term | editor. |
| 942 ## - ADDED ENTRY ELEMENTS (KOHA) | |
| Koha item type | Book - Borrowing |
| Source of classification or shelving scheme | Dewey Decimal Classification |
| Withdrawn status | Lost status | Damaged status | Not for loan | Home library | Current library | Shelving location | Date acquired | Source of acquisition | Total Checkouts | Total Renewals | Full call number | Barcode | Date last seen | Date checked out | Price effective from | Koha item type |
|---|---|---|---|---|---|---|---|---|---|---|---|---|---|---|---|---|
| Central Library | Central Library | Second Floor | 07/03/2015 | Purchase | 2 | 11 | 720,1 CUI | 000001466 | 15/07/2025 | 31/10/2016 | 15/03/2007 | Book - Borrowing |